Gaming Quiz

Random Gaming Quiz

Hearthstone - All Druid cards (K&C) Quiz Stats

 Plays Quiz not verified by Sporcle

Support Sporcle.
Go Orange.
Score 0/102 Timer 20:00
0 Plays Today
Hint Answer % Correct
Deal 5 damage. Draw 5 cards. Gain 5 Armor. Summon a 5/5 GhoulUltimate Infestation
94.1%
Deal 1 damageMoonfire
88.2%
Gain an empty Mana CrystalWild Growth
88.2%
Restore 8 HealthHealing Touch
82.4%
Choose One - Gain 10 Armor; or Refresh your Mana CrystalsKun the Forgotten King
82.4%
Give your characters +2 Attack this turnSavage Roar
82.4%
Choose One - Deal 5 damage to a minion; or 2 damage to all enemy minionsStarfall
82.4%
Deal 4 damage to an enemy and 1 damage to all other enemiesSwipe
82.4%
Choose One - Deal 3 damage to a minion; or 1 damage and draw a cardWrath
82.4%
Choose One - +5 Attack; or +5 Health and TauntAncient of War
76.5%
Your minions cost (1)Aviana
76.5%
Battlecry and Deathrattle: Summon a Jade GolemAya Blackpaw
76.5%
Give your hero +4 Attack this turn and +4 ArmorBite
76.5%
Choose Twice - Draw a card; Give your minions +1 Attack; Gain 6 ArmorBranching Paths
76.5%
Choose One - Give your other minions +2/+2; or Summon two 2/2 Treants with TauntCenarius
76.5%
Your Choose One cards and powers have both effects combinedFandral Staghelm
76.5%
Gain 1 Mana Crystal this turn onlyInnervate
76.5%
Taunt. Battlecry: Summon a Jade GolemJade Behemoth
76.5%
Quest: Summon 5 minions with 5 or more Attack. Reward: BarnabusJungle Giants
76.5%
Restore 6 Health. Summon a random 6-Cost minionMoonglade Portal
76.5%
Deal 5 damage. Draw a cardStarfire
76.5%
Restore all characters to full HealthTree of Life
76.5%
Can't be targeted by spells or Hero PowersTyrantus
76.5%
Give your hero +2 Attack this turn and 2 ArmorClaw
70.6%
Choose One - Transform into a 4/4 with Charge; or a 4/6 with TauntDruid of the Claw
70.6%
Adapt your minionsEvolving Spores
70.6%
Choose a Deathrattle (Secretly) - Deal 3 damage to all minions; or Give them +2/+2Fatespinner
70.6%
8/8. TauntIronbark Protector
70.6%
Choose One - Summon a Jade Golem; or Shuffle 3 copies of this card into your deckJade Idol
70.6%
Battlecry: Summon a Jade GolemJade Spirit
70.6%
Give your minions +1/+1Mark of the Lotus
70.6%
Destroy a minion. Add a random minion to your opponent's handMulch
70.6%
Choose One - Gain 2 Mana Crystals; or Draw 3 cardsNourish
70.6%
Gain 6 Armor. Recruit a minion that costs (4) or lessOaken Summons
70.6%
Hint Answer % Correct
Destroy all minions and summon 2/2 Treants to replace themPoison Seeds
70.6%
Choose One - Discover a minion; or Discover a spellRaven Idol
70.6%
Give your minions 'Deathrattle: Summon a 2/2 Treant'Soul of the Forest
70.6%
Summon a 1/5 Scarab with Taunt. If your opponent has more minions, cast this againSpreading Plague
70.6%
Deathrattle: Gain 10 Mana CrystalsTwig of the World Tree
70.6%
Choose One - Draw a card; or Restore 5 HealthAncient of Lore
64.7%
Gain 10 Mana Crystals. Discard your handAstral Communion
64.7%
Taunt. After you summon a minion, gain +1 HealthCrypt Lord
64.7%
Give a friendly minion +1/+1, then gain Armor equal to its AttackEarthen Scales
64.7%
Give your hero +3 Attack this turn. Gain 3 ArmorGnash
64.7%
Deathrattle: Summon your Taunt minions that died this gameHadronox
64.7%
Summon a Jade Golem. Gain an empty Mana CrystalJade Blossom
64.7%
Transform your Mana Crystals into 2/2 minions. Recover the mana when they dieLiving Mana
64.7%
Give a minion Taunt and +2/+2Mark of the Wild
64.7%
Give a minion +2/+2. If it's a Beast, draw a cardMark of Y'Shaarj
64.7%
Destroy a minion. Your opponent draws 2 cardsNaturalize
64.7%
Choose One - Give your minions +1/+1; or Summon a 3/2 PantherPower of the Wild
64.7%
Deathrattle: Shuffle a copy of this minion into your deckAstral Tiger
58.8%
Summon three 2/2 TreantsForce of Nature
58.8%
Deathrattle: Gain an empty Mana CrystalGreedy Sprite
58.8%
Taunt. Can only attack if you have 3 or more AttackIronwood Golem
58.8%
After you play a minion, summon a copy of itIxlid, Fungal Lord
58.8%
Choose One - Deal 2 damage; or Silence a minionKeeper of the Grove
58.8%
Deal 2 damage to a minion (Gain 3 Armor to upgrade)Lesser Jasper Spellstone
58.8%
Choose One - Deal 2 damage; or Summon two 1/1 SaplingsLiving Roots
58.8%
Battlecry: Discover a Druid, Rogue, or Shaman cardLotus Agents
58.8%
Choose One - Summon 2 Poisonous Spiders; or 2 Scarabs with TauntMalfurion the Pestilent
58.8%
Battlecry: Add a random minion with 5 or more Attack to your handTortollan Forager
58.8%
Give a minion +3 Health. Gain 3 ArmorBarkskin
52.9%
Battlecry: Gain an empty Mana Crystal. Deathrattle: Lose a Mana CrystalDarnassus Aspirant
52.9%
Choose One - Transform into a 5/2 minion; or a 2/5 minionDruid of the Flame
52.9%
Choose One - Transform into a 1/2 with Poisonous; or a 1/5 with TauntDruid of the Swarm
52.9%
Battlecry: If you're holding a minion with 5 or more Attack, AdaptElder Longneck
52.9%
2/2Enchanted Raven
52.9%
Hint Answer % Correct
Deathrattle: Shuffle this minion into your deckMalorne
52.9%
Deal damage equal to your hero's Attack to a minionSavagery
52.9%
Summon two 1/2 Poisonous SpidersWebweave
52.9%
Battlecry: If you have a Beast, transform this minion into a 7/7Druid of the Fang
47.1%
Choose One - Transform to gain Charge; or +1/+1 and StealthDruid of the Saber
47.1%
Battlecry: Spend all your Mana. Gain +1/+1 for each mana spentForbidden Ancient
47.1%
Both players have Spell Damage +2Jungle Moonkin
47.1%
Whenever this minion takes damage, add a Spare Part card to your handMech-Bear-Cat
47.1%
Battlecry: Choose a friendly Beast. Summon a copy of itMenagerie Warden
47.1%
Choose One - Summon a 2/2 Slime; or Gain an empty Mana CrystalMire Keeper
47.1%
Deathrattle: Summon a random 1-Cost minionMounted Raptor
47.1%
Gain an empty Mana Crystal for each friendly minionPilfered Power
47.1%
Shuffle an enemy minion into your opponent's deckRecycle
47.1%
Inspire: Give your hero +2 Attack this turnSavage Combatant
47.1%
Choose One - Transform into a 5/3 with Stealth; or a 3/5 with TauntShellshifter
47.1%
Battlecry: AdaptVerdant Longneck
47.1%
Choose One - Summon seven 1/1 Wisps; or Give your minions +2/+2Wisps of the Old Gods
47.1%
After you summon a minion, give it +1/+1Addled Grizzly
41.2%
Battlecry: If a friendly minion has 5 or more Attack, gain +2/+2Celestial Dreamer
41.2%
Taunt. Battlecry: Give your C'Thun +3/+3 (wherever it is)Dark Arakkoa
41.2%
Choose One - Summon 5 Wisps; or Give a minion +5/+5 and TauntDark Wispers
41.2%
Deathrattle: Summon a minion from your hand with 5 or more AttackGiant Anaconda
41.2%
Taunt. Deathrattle: Recruit 2 minions that cost (4) or lessGrizzled Guardian
41.2%
Choose One - Give each player a Mana Crystal; or Each player draws a cardGrove Tender
41.2%
Battlecry: If your C'Thun has at least 10 Attack, gain +5 HealthKlaxxi Amber-Weaver
41.2%
Whenever you summon a Beast, reduce the Cost of this card by (1)Knight of the Wild
41.2%
Draw 2 cards. Minions drawn cost (2) lessLunar Visions
41.2%
Choose One - Give a minion +4 Attack; or +4 Health and TauntMark of Nature
41.2%
Taunt. Costs (1) less for each minion that died this turnVolcanic Lumberer
41.2%
Taunt. Choose One - +1 Attack; or +1 HealthAnodized Robo Cub
35.3%
Choose One - Give your hero +4 Attack this turn; or Gain 8 ArmorFeral Rage
35.3%
Battlecry: Give a friendly Beast +3 HealthWildwalker
35.3%
Battlecry: Give your Taunt minions +2/+2Strongshell Scavenger
29.4%
Battlecry: Give a friendly Beast +2/+2Virmen Sensei
29.4%

You're not logged in!

Compare scores with friends on all Sporcle quizzes.
OR
Log In

From the Vault

'K' Country Consonants

by Flick

Well, one of the consonants is probably a gimme, at least.
Remove Ads.
Support Sporcle.
Get the best of Sporcle when you Go Orange. This ad-free experience offers more features, more stats, and more fun while also helping to support Sporcle. Thank you for becoming a member.

Show Comments

Extras

Created Feb 13, 2018ReportNominate
Tags:card, cost, hearthstone

Top Quizzes Today


Score Distribution

Your Account Isn't Verified!

In order to create a playlist on Sporcle, you need to verify the email address you used during registration. Go to your Sporcle Settings to finish the process.

Report this User

Report this user for behavior that violates our Community Guidelines.

Details: